La discographie de Patrick Bruel - Statistiques

Statistiques générales
  • Ce quiz a été pris 136 fois
  • Le résultat moyen est 11 sur 98
Statistiques - réponses
Hint Réponse % Correct
Place des grands hommes
82%
Casser la voix
80%
Alors regarde
79%
Marre de cette nana-là
52%
Au café des délices
40%
Lequel de nous
39%
Entre deux (2002) Mon amant de Saint-Jean
38%
J'te l'dis quand même
34%
De face
32%
Juste avant
31%
Juste avant (1999) J'te mentirais...
28%
Combien de murs...
27%
La fille de l'aéroport
23%
Décalé
21%
She's gone
20%
Pour la vie
17%
Tout s'efface
17%
La complainte de la butte (avec Francis Cabrel)
14%
Elie
13%
Où es-tu
13%
Dors
12%
Bouge !
11%
Comment ça va pour vous ?
11%
Elle m'regardait comme ça
11%
Elle voulait tout
11%
Flash back
11%
La java bleue
11%
Maux d'enfants (avec La Fouine)
11%
Rock, haine, rôles
11%
J'm'attendais pas à toi
10%
L'appart'
10%
Adieu
9%
Lequel de nous (2012) Dans ces moments-là
9%
Des Souvenirs devant ... (2006) Je fais semblant
9%
J'roule vers toi
8%
Lâche-toi
8%
Lettre au père Noël
8%
Ménilmontant (avec Charles Aznavour)
8%
Comme de bien entendu (avec Renaud)
7%
Le temps des cerises (avec Jean-Jacques Goldman)
6%
Pars pas
6%
Alors, regarde (1989) Même si on est fou
5%
Musique vieille
5%
Nunca mas (avec Nina Fernadez)
5%
Qu'est-ce qu'on attend pour être heureux ? (avec Johnny Hallyday)
5%
A mon ami Alfred T
4%
Gosses en cavale
4%
J'ai l'béguin pour elle
4%
J'aurais chanté peut-être
4%
Joue, docteur joue !
4%
J'suis quand même là ...
4%
Les cigales s'en foutent
4%
Non, j'veux pas !
4%
Notre plus beau visage
4%
On t'attendait
4%
Panne de mélancolie
4%
Peur de moi
4%
Quand on s'promène au bord de l'eau (avec Jean-Louis Aubert)
4%
Que reste-t-il de nos amours ? (avec Laurent Voulzy)
4%
Raconte-moi
4%
Ramona
4%
Rome
4%
Tout change si vite
4%
Trois ans et demi d'amour...
4%
Viens tout contre moi
4%
Ah, si vous connaissiez ma poule
3%
A Paris dans chaque faubourg (avec Danielle Darrieux)
3%
Ca fait des ordres
3%
Demain le monde !
3%
Est-ce que tu danseras avec moi...
3%
Les larmes de leurs pères
3%
Où sont les rêves
3%
Où sont tous mes amants ? (avec Emmanuelle Béart et Sandrine Kiberlain)
3%
Parlez-moi d'amour
3%
Bruel (1994) Quoique
3%
De Face (1987) Regarde devant toi
3%
Rêve à part
3%
Rien à perdre
3%
S'laisser aimer
3%
Tout l'monde peut s'tromper
3%
Une chanson qui sert à rien
3%
Vous qui passez sans me voir
3%
A contretemps
2%
Celui qui s'en va (avec Alain Souchon)
2%
En bas des marches
2%
J'ai ta main (avec Zazie)
2%
Je serai là pour la suite
2%
J'suis dans la dèche
2%
La romance de Paris
2%
Ma maison de papier
2%
Paris, je t'aime d'amour
2%
Peuple impopulaire
2%
Premier rendez-vous
2%
Qu'est-ce que tu crois
2%
Tout le jour, toute la nuit (avec Kahimi Karie)
2%
Va où tu veux
2%
On n'a pas tous les jours vingt ans
1%
Au bour de la marelle
0%
Aucun quiz correspondant
Distribution des résultats
% des personnes avec chaque résultat
Percentile par nombre de réponses
Votre historique - résultats
Vous n’avez pas pris ce quiz